000 00713cam a22002293a 4500
001 10069
003 PGUSA
005 20140828083219.0
008 031101s2003||||xxu|||||s|||||000 | eng d
040 _aPGUSA
_beng
042 _adc
050 4 _aPC
100 1 _aPlanta, Joseph,
_d1744-1827
245 1 0 _aAccount of the Romansh Language :
_bIn a Letter to Sir John Pringle, Bart. P. R. S.
_h[electronic resource] /
_cJoseph Planta
260 _bProject Gutenberg,
_c2003
506 _aPublic domain in the USA.
516 _aElectronic text
653 _aRaeto-Romance language -- Early works to 1800
830 0 _aProject Gutenberg
_v10069
856 4 0 _uhttp://www.gutenberg.org/ebooks/10069
942 _cEB
999 _c239324
_d239324